000 01455namaa2200349 i 4500
003 EG-GICUC
005 20260406115401.0
008 260406s1985 ts ||||jr|||| 000 0 ara d
040 _aEG-GiCUC
_bara
_cEG-GiCUC
_dEG-GiCUC
_erda
082 0 4 _221
_a415.1
_bL9513u
092 0 4 _221
_a415.1
_bL9513u
099 _a415.1 L9513u
100 1 _eمؤلف.
245 0 2 _aاللغة العربية :
_bنصوص وتطبيقات /
_cالدكتور عمر الملا حويش ... [وآخ]، راجعه الدكتور محمد ابراهيم حور
264 _aابو ظبى (الامارات) :
_bمكتبة المكتبة،
_c1985
300 _a550 صفحة
_bإيضاحيات، صور، مثيليات ؛ Illustrations
_c24 سم
336 _2rdacontent
_atext
337 _2rdamedia
_aUnmediated
338 _2rdacarrier
_avolume
504 _a.
541 _aد. / جابر عصفور ؛
_bالقاهرة ؛
_cإهداء ؛
_d2024.
650 1 _aاللغة العربية
_xالنحو
_2qrmak
650 1 7 _aالبلاغة العربية
_2qrmak
650 1 7 _aاللغة العربية
_xتعليم
_2qrmak
651 1 _2qrmak
700 1 _aالحلوانى، محمد خير،
_eمؤلف مشارك.
700 1 _aضيف، بدر أحمد،
_eمؤلف مشارك.
700 1 _aأبو زيد، على ابراهيم
_eمؤلف مشارك.
700 1 _aحور، محمد ابراهيم،
_eمراجع.
905 _aAmira
942 _2ddc
_cBK
_e21
_n0
999 _c179228
_d179228